| 000 | 00492nam a2200181Ia 4500 | ||
|---|---|---|---|
| 003 | GCL | ||
| 008 | 140319s9999 xx 000 0 ara d | ||
| 040 |
_aGCL / _cGCL |
||
| 082 | 0 | 4 |
_a928.9 _bم ت |
| 100 | 1 | _aنجيب المانع | |
| 245 | 1 | 0 |
_aتولستوى / _cنجيب المانع |
| 700 | 1 | _aماتلو. ئن رالف | |
| 300 | _a313 | ||
| 490 |
_aالالف كتاب الثانى _v0 |
||
| 650 | 0 | 4 | _aالادب الروسى |
| 650 | 0 | 4 | _aتراجم ادبية |
| 942 |
_2ddc _cBK |
||
| 999 |
_c44246 _d44246 |
||